Vista normal
Vista MARC
Entrada Nombre personal
Número de registros utilizados en: 1
001 - NÚMERO DE CONTROL
- Campo de control: 42704
003 - IDENTIFICADOR DE NÚMERO DE CONTROL
- Campo de control: OSt
005 - FECHA Y HORA DE LA ULTIMA MODIFICACION
- Campo de control: 20180528114921.0
008 - ELEMENTOS DE DATOS DE LONGITUD FIJA
- Campo de longitud fija: 180528|| aca||aabn | a|a d
040 ## - FUENTE DE LA CATALOGACIÓN
- Agencia original de catalogación: OSt
100 1# - ENCABEZAMIENTO--NOMBRE DE PERSONA
- Nombre personal: Perez Valladares, Ana Delmy
400 1# - TRAZADO VEÁSE--NOMBRE DE PERSONA
- Nombre personal: Perez, Delmy
400 1# - TRAZADO VEÁSE--NOMBRE DE PERSONA
- Nombre personal: Valladares, Ana
670 ## - FUENTE DE DATOS ENCONTRADOS
- Fuente de citación: La desintegración familiar.
670 ## - FUENTE DE DATOS ENCONTRADOS
- Fuente de citación: BMC-28-05-2018